[Event "DSJ Weihnachtsturnier U16: Lasker 2020"]
[Site ""]
[Date "2020.12.28"]
[Round "4"]
[White "Schmitt, Daniel"]
[Black "Wusterack, Paul"]
[Result "1-0"]
[Termination "normal"]
[Board "3.2"]
[WhiteElo "1966"]
[BlackElo "1649"]
[WhiteTeam "OSG Baden-Baden"]
[BlackTeam "SC Turm Lüneburg"]
[PlyCount "79"]
[WhiteFideId "16279018"]
[BlackFideId "16255356"]
[EventRounds "7"]
[EventType "team-swiss"]
[EventDate "2020.12.28"]

1. e4 {[%emt 0:00:07]} d5 {[%emt 0:00:26]} 2. exd5 {[%emt 0:00:13]} Nf6 { [%emt
0:00:02]} 3. Nf3 {[%emt 0:00:06]} Nxd5 {[%emt 0:00:02]} 4. d4 {[%emt 0:00:02]}
Nc6 {[%emt 0:00:01]} 5. c4 {[%emt 0:00:31]} Nb6 {[%emt 0:00:04]} 6. d5 {[%emt
0:00:06]} Na5 {[%emt 0:00:26]} 7. Nc3 {[%emt 0:00:20]} g6 {[%emt 0:00:42]} 8.
c5 {[%emt 0:00:11]} Nd7 {[%emt 0:00:09]} 9. b4 {[%emt 0:00:21]} Bg7 { [%emt
0:00:02]} 10. Bb2 {[%emt 0:00:16]} b6 {[%emt 0:00:26]} 11. c6 {[%emt 0:00:31]}
Ne5 {[%emt 0:00:08]} 12. bxa5 {[%emt 0:00:16]} Nxf3+ {[%emt 0:00:03]} 13. Qxf3
{[%emt 0:00:03]} O-O {[%emt 0:00:12]} 14. Bc4 {[%emt 0:00:19]} Qd6 { [%emt
0:00:19]} 15. O-O {[%emt 0:00:20]} Qb4 {[%emt 0:00:04]} 16. Bb3 {[%emt
0:00:13]} Bg4 {[%emt 0:00:04]} 17. Qe3 {[%emt 0:00:15]} bxa5 {[%emt 0:00:32]}
18. Na4 {[%emt 0:01:06]} Bxb2 {[%emt 0:00:21]} 19. Nxb2 {[%emt 0:00:00]} a4 {
[%emt 0:00:34]} 20. Nd3 {[%emt 0:00:03]} Qc3 {[%emt 0:00:15]} 21. Rac1 { [%emt
0:00:29]} Qg7 {[%emt 0:00:27]} 22. Bxa4 {[%emt 0:00:06]} f5 {[%emt 0:00:05]}
23. Bb3 {[%emt 0:00:09]} Kh8 {[%emt 0:00:04]} 24. Qe5 {[%emt 0:00:03]} Rf6
{[%emt 0:00:02]} 25. Rfe1 {[%emt 0:00:13]} Rc8 {[%emt 0:00:12]} 26. Qxe7 {
[%emt 0:00:07]} Qxe7 {[%emt 0:00:03]} 27. Rxe7 {[%emt 0:00:00]} Rd6 {[%emt
0:00:01]} 28. f3 {[%emt 0:00:10]} Bh5 {[%emt 0:00:02]} 29. Nf4 {[%emt 0:00:07]}
a5 {[%emt 0:00:18]} 30. Rce1 {[%emt 0:00:09]} Kg8 {[%emt 0:00:12]} 31. R1e6 {
[%emt 0:00:12]} Kf8 {[%emt 0:00:14]} 32. Rxh7 {[%emt 0:00:06]} Rxe6 {[%emt
0:00:02]} 33. Nxe6+ {[%emt 0:00:05]} Kg8 {[%emt 0:00:03]} 34. Rxc7 {[%emt
0:00:03]} Re8 {[%emt 0:00:05]} 35. d6 {[%emt 0:00:03]} a4 {[%emt 0:00:02]} 36.
Bd5 { [%emt 0:00:02]} a3 {[%emt 0:00:01]} 37. Ng7+ {[%emt 0:00:12]} Kh8 {[%emt
0:00:04]} 38. Nxe8 {[%emt 0:00:05]} f4 {[%emt 0:00:01]} 39. Nf6 {[%emt
0:00:03]} Bxf3 {[%emt 0:00:04]} 40. Rh7# {[%emt 0:00:03]} 1-0

[Event "DSJ Weihnachtsturnier U16: Lasker 2020"]
[Site ""]
[Date "2020.12.28"]
[Round "4"]
[White "Rennkamp, David"]
[Black "Wu, Luka"]
[Result "0-1"]
[Termination "normal"]
[Board "3.3"]
[WhiteElo "1371"]
[BlackElo "2065"]
[WhiteTeam "SC Turm Lüneburg"]
[BlackTeam "OSG Baden-Baden"]
[PlyCount "56"]
[WhiteFideId "16249526"]
[BlackFideId "12977420"]
[EventRounds "7"]
[EventType "team-swiss"]
[EventDate "2020.12.28"]

1. e4 {[%emt 0:00:10]} c5 {[%emt 0:00:01]} 2. Nc3 {[%emt 0:00:03]} d6 {[%emt
0:00:20]} 3. f4 {[%emt 0:00:05]} g6 {[%emt 0:00:07]} 4. d3 {[%emt 0:00:01]} Bg7
{ [%emt 0:00:02]} 5. Nf3 {[%emt 0:00:04]} e6 {[%emt 0:00:02]} 6. g3 {[%emt
0:00:04]} Ne7 {[%emt 0:00:01]} 7. Bg2 {[%emt 0:00:02]} O-O {[%emt 0:00:04]} 8.
O-O { [%emt 0:00:03]} Nbc6 {[%emt 0:00:12]} 9. Rb1 {[%emt 0:00:05]} Rb8 {[%emt
0:00:08]} 10. Be3 {[%emt 0:00:03]} b5 {[%emt 0:00:02]} 11. a3 {[%emt 0:00:07]}
b4 { [%emt 0:00:04]} 12. axb4 {[%emt 0:00:04]} Rxb4 {[%emt 0:00:24]} 13. Qd2 {
[%emt 0:00:35]} Qb6 {[%emt 0:00:23]} 14. b3 {[%emt 0:00:12]} a5 {[%emt 0:00:06]
} 15. h3 {[%emt 0:00:42]} Ba6 {[%emt 0:00:06]} 16. Rfe1 {[%emt 0:00:15]} Rb8 {
[%emt 0:00:14]} 17. Kh2 {[%emt 0:00:16]} d5 {[%emt 0:01:02]} 18. exd5 {[%emt
0:00:12]} exd5 {[%emt 0:00:03]} 19. Na4 {[%emt 0:00:11]} Qc7 {[%emt 0:00:47]}
20. Bxc5 {[%emt 0:00:18]} R4b5 {[%emt 0:00:12]} 21. Bxe7 {[%emt 0:00:14]} Nxe7
{ [%emt 0:00:04]} 22. Qe2 {[%emt 0:00:42]} Nf5 {[%emt 0:00:16]} 23. Nb2 {[%emt
0:00:51]} Rc5 {[%emt 0:01:08]} 24. Rec1 {[%emt 0:00:36]} Rxb3 {[%emt 0:01:11]}
25. cxb3 {[%emt 0:00:23]} Rxc1 {[%emt 0:00:05]} 26. Rxc1 {[%emt 0:00:02]} Qxc1
{[%emt 0:00:01]} 27. Na4 {[%emt 0:00:16]} Bb5 {[%emt 0:00:48]} 28. Qe8+ { [%emt
0:00:29]} Bxe8 {[%emt 0:00:03]} 0-1

[Event "DSJ Weihnachtsturnier U16: Lasker 2020"]
[Site ""]
[Date "2020.12.28"]
[Round "4"]
[White "Wu, Leon"]
[Black "Rennkamp, Johannes"]
[Result "1-0"]
[Termination "normal"]
[Board "3.4"]
[WhiteElo "1981"]
[BlackElo "1603"]
[WhiteTeam "OSG Baden-Baden"]
[BlackTeam "SC Turm Lüneburg"]
[PlyCount "57"]
[WhiteFideId "12977438"]
[BlackFideId "16268784"]
[EventRounds "7"]
[EventType "team-swiss"]
[EventDate "2020.12.28"]

1. e4 {[%emt 0:00:05]} c5 {[%emt 0:00:02]} 2. Nf3 {[%emt 0:00:01]} Nc6 {[%emt
0:00:01]} 3. d4 {[%emt 0:00:01]} cxd4 {[%emt 0:00:02]} 4. Nxd4 {[%emt 0:00:00]}
g6 {[%emt 0:00:02]} 5. c4 {[%emt 0:00:06]} Bg7 {[%emt 0:00:02]} 6. Be3 {[%emt
0:00:02]} d6 {[%emt 0:00:05]} 7. Nc3 {[%emt 0:00:01]} Qb6 {[%emt 0:00:14]} 8.
Qd2 {[%emt 0:00:13]} Nxd4 {[%emt 0:00:04]} 9. Nd5 {[%emt 0:00:14]} Qc5 {[%emt
0:01:10]} 10. b4 {[%emt 0:00:08]} Nc2+ {[%emt 0:00:44]} 11. Qxc2 {[%emt
0:00:11]} Qc6 {[%emt 0:00:17]} 12. Rd1 {[%emt 0:00:14]} e6 { [%emt 0:00:16]}
13. Nc3 {[%emt 0:00:15]} Nf6 {[%emt 0:00:26]} 14. c5 {[%emt 0:00:16]} dxc5
{[%emt 0:00:24]} 15. Bb5 {[%emt 0:00:42]} Bd7 {[%emt 0:00:07]} 16. Bxc6 {[%emt
0:00:23]} Bxc6 {[%emt 0:00:02]} 17. Bxc5 {[%emt 0:00:07]} Rd8 { [%emt 0:00:16]}
18. Rxd8+ {[%emt 0:00:03]} Kxd8 {[%emt 0:00:01]} 19. O-O { [%emt 0:00:01]} Kc7
{[%emt 0:00:02]} 20. Rd1 {[%emt 0:00:02]} b6 {[%emt 0:00:10]} 21. b5 {[%emt
0:00:15]} bxc5 {[%emt 0:00:24]} 22. bxc6 {[%emt 0:00:00]} Kxc6 {[%emt 0:00:04]}
23. Qa4+ {[%emt 0:00:05]} Kc7 {[%emt 0:00:04]} 24. Qxa7+ {[%emt 0:00:04]} Kc6
{[%emt 0:00:02]} 25. Qa4+ {[%emt 0:00:04]} Kc7 {[%emt 0:00:03]} 26. Nb5+ {[%emt
0:00:00]} Kb6 {[%emt 0:00:02]} 27. Rd6+ {[%emt 0:00:02] } Kb7 {[%emt 0:00:02]}
28. Qa7+ {[%emt 0:00:01]} Kc8 {[%emt 0:00:02]} 29. Qc7# {[%emt 0:00:00]} 1-0

[Event "DSJ Weihnachtsturnier U16: Lasker 2020"]
[Site ""]
[Date "2020.12.28"]
[Round "4"]
[White "Schäfer, Konstantin"]
[Black "Gluma, Christian"]
[Result "0-1"]
[Termination "time forfeit"]
[Board "4.3"]
[WhiteElo "1754"]
[BlackElo "1864"]
[WhiteTeam "Schachgemeinschaft Leipzig"]
[BlackTeam "Schachgesellschaft Bochum 1931"]
[PlyCount "118"]
[WhiteFideId "16240510"]
[BlackFideId "16223209"]
[EventRounds "7"]
[EventType "team-swiss"]
[EventDate "2020.12.28"]

1. e4 {[%emt 0:00:02]} g6 {[%emt 0:00:03]} 2. d4 {[%emt 0:00:02]} Bg7 {[%emt
0:00:02]} 3. Nf3 {[%emt 0:00:05]} c6 {[%emt 0:00:00]} 4. Bc4 {[%emt 0:00:14]
Bochum2-003 reconnected.} d5 {[%emt 0:01:17]} 5. exd5 {[%emt 0:00:16]
Bochum2-003 reconnected.} c5 {[%emt 0:00:58]} 6. c3 {[%emt 0:01:18]} cxd4 {
[%emt 0:00:02]} 7. Nxd4 {[%emt 0:00:00]} Nf6 {[%emt 0:00:29]} 8. O-O {[%emt
0:02:53]} O-O {[%emt 0:00:11]} 9. Nc2 {[%emt 0:00:54]} Nbd7 {[%emt 0:00:03]}
10. Bf4 {[%emt 0:00:07]} Nb6 {[%emt 0:00:03]} 11. Ne3 {[%emt 0:00:30]} Nxc4 {
[%emt 0:00:09]} 12. Nxc4 {[%emt 0:00:00]} Nxd5 {[%emt 0:00:04]} 13. Be5 { [%emt
0:00:26]} Bxe5 {[%emt 0:00:15]} 14. Nxe5 {[%emt 0:00:00]} f6 {[%emt 0:00:02]}
15. Nc4 {[%emt 0:00:09]} e5 {[%emt 0:00:04]} 16. Nbd2 {[%emt 0:00:09]} Be6
{[%emt 0:00:03]} 17. Qe2 {[%emt 0:00:20]} Nf4 {[%emt 0:00:05]} 18. Qe3 { [%emt
0:00:15]} a6 {[%emt 0:00:10]} 19. Rfd1 {[%emt 0:01:01]} Qc7 {[%emt 0:00:12]}
20. b3 {[%emt 0:00:11]} Qc6 {[%emt 0:00:09]} 21. f3 {[%emt 0:00:14]} Rad8
{[%emt 0:00:08]} 22. Nb2 {[%emt 0:00:11]} Nd5 {[%emt 0:00:09]} 23. Qf2 { [%emt
0:00:16]} Qxc3 {[%emt 0:00:05]} 24. Ne4 {[%emt 0:00:10]} Qb4 {[%emt 0:00:19]}
25. Rac1 {[%emt 0:00:07]} f5 {[%emt 0:00:18]} 26. Ng5 {[%emt 0:00:16]} Bf7
{[%emt 0:00:12]} 27. Rc4 {[%emt 0:00:03]} Qb6 {[%emt 0:00:06]} 28. Rc5 { [%emt
0:00:24]} Nf4 {[%emt 0:00:17]} 29. Rxd8 {[%emt 0:00:13]} Rxd8 {[%emt 0:00:03]}
30. Nxf7 {[%emt 0:00:04]} Ne2+ {[%emt 0:00:12]} 31. Kf1 {[%emt 0:00:10] } Nd4
{[%emt 0:00:08]} 32. Nxd8 {[%emt 0:00:02]} Qxc5 {[%emt 0:00:04]} 33. Qd2 {[%emt
0:00:02]} Qb6 {[%emt 0:00:08]} 34. Nxb7 {[%emt 0:00:04]} Qxb7 {[%emt 0:00:02]}
35. Nc4 {[%emt 0:00:00]} Qd5 {[%emt 0:00:05]} 36. f4 {[%emt 0:00:02]} e4 {[%emt
0:00:07]} 37. Ne3 {[%emt 0:00:02]} Qb5+ {[%emt 0:00:04]} 38. Nc4 { [%emt
0:00:02]} Qc5 {[%emt 0:00:09]} 39. Ne5 {[%emt 0:00:01]} Kg7 {[%emt 0:00:06]}
40. g4 {[%emt 0:00:02]} Qb5+ {[%emt 0:00:05]} 41. Kf2 {[%emt 0:00:03]} Ne6
{[%emt 0:00:11]} 42. gxf5 {[%emt 0:00:01]} gxf5 {[%emt 0:00:03]} 43. Qd7+ {
[%emt 0:00:02]} Qxd7 {[%emt 0:00:03]} 44. Nxd7 {[%emt 0:00:00]} Nxf4 {[%emt
0:00:02]} 45. Nc5 {[%emt 0:00:00]} a5 {[%emt 0:00:06]} 46. a3 {[%emt 0:00:04]}
Kf6 {[%emt 0:00:15]} 47. Nb7 {[%emt 0:00:02]} a4 {[%emt 0:00:03]} 48. bxa4 {
[%emt 0:00:00]} Ke5 {[%emt 0:00:04]} 49. a5 {[%emt 0:00:01]} Nd3+ {[%emt
0:00:04]} 50. Ke3 {[%emt 0:00:02]} f4+ {[%emt 0:00:02]} 51. Ke2 {[%emt
0:00:02]} Kd5 {[%emt 0:00:08]} 52. a6 {[%emt 0:00:01]} Kc6 {[%emt 0:00:03]} 53.
Na5+ { [%emt 0:00:02]} Kb6 {[%emt 0:00:04]} 54. Nc4+ {[%emt 0:00:00]} Kxa6
{[%emt 0:00:06]} 55. Nd6 {[%emt 0:00:01]} Nc5 {[%emt 0:00:04]} 56. a4 {[%emt
0:00:09]} Kb6 {[%emt 0:00:06]} 57. Nf7 {[%emt 0:00:06]} Nxa4 {[%emt 0:00:22]}
58. Ng5 { [%emt 0:00:03]} Nc3+ {[%emt 0:00:02]} 59. Kd2 {[%emt 0:00:01]} f3
{[%emt 0:00:07] TimeW} 0-1

[Event "DSJ Weihnachtsturnier U16: Lasker 2020"]
[Site ""]
[Date "2020.12.28"]
[Round "4"]
[White "Hofmann, Benjamin"]
[Black "Petzke, Julian"]
[Result "1-0"]
[Termination "normal"]
[Board "4.4"]
[WhiteElo "1489"]
[BlackElo "1514"]
[WhiteTeam "Schachgesellschaft Bochum 1931"]
[BlackTeam "Schachgemeinschaft Leipzig"]
[PlyCount "91"]
[WhiteFideId "16270266"]
[BlackFideId "16244885"]
[EventRounds "7"]
[EventType "team-swiss"]
[EventDate "2020.12.28"]

1. e4 {[%emt 0:00:04]} e6 {[%emt 0:00:01]} 2. d4 {[%emt 0:00:07]} d5 {[%emt
0:00:02]} 3. Nd2 {[%emt 0:00:08]} Nf6 {[%emt 0:00:09]} 4. e5 {[%emt 0:00:03]}
Nfd7 {[%emt 0:00:02]} 5. c3 {[%emt 0:00:02]} c5 {[%emt 0:00:03]} 6. Ngf3 {
[%emt 0:00:06]} Nc6 {[%emt 0:00:10]} 7. Bd3 {[%emt 0:00:30]} Qb6 {[%emt
0:00:15]} 8. Qa4 {[%emt 0:00:22]} Be7 {[%emt 0:00:35]} 9. O-O {[%emt 0:00:07]}
O-O { [%emt 0:00:14]} 10. Rd1 {[%emt 0:00:21]} f6 {[%emt 0:00:38]} 11. exf6
{[%emt 0:00:07]} Bxf6 {[%emt 0:00:04]} 12. dxc5 {[%emt 0:00:03]} Qxc5 {[%emt
0:00:05]} 13. Qg4 {[%emt 0:00:14]} Nde5 {[%emt 0:00:33]} 14. Nxe5 {[%emt
0:00:14]} Nxe5 { [%emt 0:00:03]} 15. Qh3 {[%emt 0:00:14]} Nxd3 {[%emt 0:00:30]}
16. Qxd3 { [%emt 0:00:03]} Bh4 {[%emt 0:00:24]} 17. Nf3 {[%emt 0:00:59]} Qxf2+
{[%emt 0:01:12]} 18. Kh1 {[%emt 0:00:03]} Be7 {[%emt 0:00:15]} 19. Be3 {[%emt
0:00:20]} Qxb2 {[%emt 0:00:09]} 20. Rdb1 {[%emt 0:00:11]} Qa3 {[%emt 0:00:15]}
21. Bc1 { [%emt 0:00:35]} Qd6 {[%emt 0:00:27]} 22. Bg5 {[%emt 0:00:27]} b6
{[%emt 0:01:17]} 23. Re1 {[%emt 0:00:11]} Bd7 {[%emt 0:00:54]} 24. Bxe7 {[%emt
0:00:35]} Qxe7 {[%emt 0:00:03]} 25. Qxd5 {[%emt 0:00:03]} Rae8 {[%emt 0:00:59]}
26. Qh5 { [%emt 0:00:21]} Bc6 {[%emt 0:00:21]} 27. Ng5 {[%emt 0:00:33]} h6
{[%emt 0:00:02]} 28. Ne4 {[%emt 0:00:56]} Bxe4 {[%emt 0:00:20]} 29. Rxe4 {[%emt
0:00:03]} Qf6 {[%emt 0:00:05]} 30. Qe2 {[%emt 0:00:45]} Qxc3 {[%emt 0:00:04]}
31. Re1 { [%emt 0:00:09]} e5 {[%emt 0:00:13]} 32. h3 {[%emt 0:00:08]} Rf5
{[%emt 0:00:05] } 33. Qg4 {[%emt 0:00:34]} Rf6 {[%emt 0:00:10]} 34. R1e3 {[%emt
0:00:15]} Rf1+ {[%emt 0:00:05]} 35. Kh2 {[%emt 0:00:02]} Qc1 {[%emt 0:00:01]}
36. Qg6 { [%emt 0:00:25]} Rh1+ {[%emt 0:00:02]} 37. Kg3 {[%emt 0:00:02]} Re7
{[%emt 0:00:02]} 38. Qf5 {[%emt 0:00:18]} Qg1 {[%emt 0:00:03]} 39. Re2 {[%emt
0:00:06]} Rh2 {[%emt 0:00:03]} 40. Qc8+ {[%emt 0:00:03]} Kh7 {[%emt 0:00:02]}
41. Qc2 { [%emt 0:00:03]} Rf7 {[%emt 0:00:02]} 42. Rf4+ {[%emt 0:00:04]} Kh8
{[%emt 0:00:05]} 43. Rxf7 {[%emt 0:00:06]} Rxh3+ {[%emt 0:00:03]} 44. Kxh3
{[%emt 0:00:03]} Qh1+ {[%emt 0:00:01]} 45. Kg3 {[%emt 0:00:02]} Qh5 {[%emt
0:00:02]} 46. Rf8# { [%emt 0:00:03]} 1-0

[Event "DSJ Weihnachtsturnier U16: Lasker 2020"]
[Site ""]
[Date "2020.12.28"]
[Round "4"]
[White "Koll, Linus"]
[Black "Steinhauer, Artur"]
[Result "0-1"]
[Termination "normal"]
[Board "5.1"]
[WhiteElo "1963"]
[BlackElo "1462"]
[WhiteTeam "Karlsruher SF 1853"]
[BlackTeam "SC Bavaria Regensburg von 1881"]
[PlyCount "140"]
[WhiteFideId "12990299"]
[BlackFideId "16263596"]
[EventRounds "7"]
[EventType "team-swiss"]
[EventDate "2020.12.28"]

1. e4 {[%emt 0:00:05]} c6 {[%emt 0:00:01]} 2. c4 {[%emt 0:00:03]} d5 {[%emt
0:00:00]} 3. exd5 {[%emt 0:00:02]} cxd5 {[%emt 0:00:00]} 4. cxd5 {[%emt
0:00:01]} Nf6 {[%emt 0:00:01]} 5. Nc3 {[%emt 0:00:01]} Nxd5 {[%emt 0:00:02]} 6.
Nf3 { [%emt 0:00:01]} Nc6 {[%emt 0:00:03]} 7. Bb5 {[%emt 0:00:02]} Nf6 {[%emt
0:00:17]} 8. Ne5 {[%emt 0:00:13]} Bd7 {[%emt 0:00:02]} 9. Nxd7 {[%emt 0:00:02]}
Qxd7 {[%emt 0:00:00]} 10. O-O {[%emt 0:00:06]} e6 {[%emt 0:00:19]} 11. d4
{[%emt 0:01:13]} a6 {[%emt 0:00:04]} 12. Qa4 {[%emt 0:01:46]} Rc8 {[%emt
0:00:09]} 13. Bxc6 {[%emt 0:00:15]} Qxc6 {[%emt 0:00:02]} 14. Qxc6+ {[%emt
0:00:19]} Rxc6 { [%emt 0:00:00]} 15. Re1 {[%emt 0:00:18]} Bb4 {[%emt 0:00:30]}
16. Bd2 {[%emt 0:00:16]} Bxc3 {[%emt 0:00:16]} 17. bxc3 {[%emt 0:00:11]} Kd7
{[%emt 0:00:06]} 18. Rab1 {[%emt 0:00:10]} b5 {[%emt 0:00:46]} 19. a4 {[%emt
0:00:19]} Rb8 { [%emt 0:00:09]} 20. Rb3 {[%emt 0:00:37]} Nd5 {[%emt 0:00:05]}
21. Reb1 { [%emt 0:00:03]} Rcb6 {[%emt 0:00:53]} 22. axb5 {[%emt 0:00:06]} Rxb5
{[%emt 0:00:01]} 23. Rxb5 {[%emt 0:00:07]} Rxb5 {[%emt 0:00:00]} 24. Rxb5
{[%emt 0:00:28]} axb5 {[%emt 0:00:00]} 25. Kf1 {[%emt 0:00:01]} Kd6 {[%emt
0:00:23]} 26. Ke2 {[%emt 0:00:02]} Ne7 {[%emt 0:00:44]} 27. Kd3 {[%emt
0:00:47]} Kd5 { [%emt 0:00:08]} 28. Bc1 {[%emt 0:00:02]} Ng6 {[%emt 0:01:14]}
29. Bd2 {[%emt 0:00:10]} Nh4 {[%emt 0:00:39]} 30. g4 {[%emt 0:01:19]} Nf3
{[%emt 0:00:11]} 31. Bf4 {[%emt 0:00:03]} Ne1+ {[%emt 0:00:13]} 32. Ke2 {[%emt
0:00:34]} Ke4 { [%emt 0:00:01]} 33. Be5 {[%emt 0:00:11]} Nf3 {[%emt 0:00:07]}
34. Bxg7 { [%emt 0:00:23]} Nxh2 {[%emt 0:00:01]} 35. g5 {[%emt 0:00:02]} Nf3
{[%emt 0:00:09]} 36. Bf6 {[%emt 0:00:02]} Nh4 {[%emt 0:00:16]} 37. Bd8 {[%emt
0:00:09]} Kf4 {[%emt 0:00:10]} 38. Kd3 {[%emt 0:00:04]} Nf3 {[%emt 0:00:03]}
39. c4 {[%emt 0:00:04]} bxc4+ {[%emt 0:00:05]} 40. Kxc4 {[%emt 0:00:00]} Nxg5
{[%emt 0:00:01]} 41. d5 {[%emt 0:00:01]} exd5+ {[%emt 0:00:08]} 42. Kxd5 {[%emt
0:00:00]} h5 { [%emt 0:00:01]} 43. Bc7+ {[%emt 0:00:10]} Kf3 {[%emt 0:00:14]}
44. Ke5 { [%emt 0:00:04]} Ne4 {[%emt 0:00:08]} 45. Kf5 {[%emt 0:00:14]} h4
{[%emt 0:00:12]} 46. Bb8 {[%emt 0:00:12]} h3 {[%emt 0:00:06]} 47. Bh2 {[%emt
0:00:05]} Nxf2 {[%emt 0:00:01]} 48. Kf6 {[%emt 0:00:03]} Ng4+ {[%emt 0:00:02]}
49. Kxf7 { [%emt 0:00:01]} Nxh2 {[%emt 0:00:00]} 50. Kg6 {[%emt 0:00:00]} Ng4
{[%emt 0:00:01]} 51. Kf5 {[%emt 0:00:00]} h2 {[%emt 0:00:00]} 52. Ke6 {[%emt
0:00:01]} h1=Q {[%emt 0:00:00]} 53. Kd5 {[%emt 0:00:00]} Qd1+ {[%emt 0:00:01]}
54. Kc6 { [%emt 0:00:00]} Qe2 {[%emt 0:00:00]} 55. Kc7 {[%emt 0:00:01]} Nf2
{[%emt 0:00:00]} 56. Kb6 {[%emt 0:00:00]} Qe3+ {[%emt 0:00:00]} 57. Kb5 {[%emt
0:00:00]} Qe4 {[%emt 0:00:00]} 58. Kb6 {[%emt 0:00:01]} Nd3 {[%emt 0:00:00]}
59. Kc7 { [%emt 0:00:00]} Qd5 {[%emt 0:00:01]} 60. Kb6 {[%emt 0:00:00]} Ne5
{[%emt 0:00:01]} 61. Ka7 {[%emt 0:00:00]} Qb5 {[%emt 0:00:01]} 62. Ka8 {[%emt
0:00:01]} Ke4 {[%emt 0:00:08]} 63. Ka7 {[%emt 0:00:00]} Kd5 {[%emt 0:00:00]}
64. Ka8 { [%emt 0:00:01]} Kc6 {[%emt 0:00:00]} 65. Ka7 {[%emt 0:00:00]} Kd7
{[%emt 0:00:00]} 66. Ka8 {[%emt 0:00:00]} Kd8 {[%emt 0:00:00]} 67. Ka7 {[%emt
0:00:00]} Kc8 {[%emt 0:00:00]} 68. Ka8 {[%emt 0:00:00]} Kc7 {[%emt 0:00:00]}
69. Ka7 { [%emt 0:00:00]} Qb6+ {[%emt 0:00:02]} 70. Ka8 {[%emt 0:00:00]} Qa5#
{[%emt 0:00:00]} 0-1

[Event "DSJ Weihnachtsturnier U16: Lasker 2020"]
[Site ""]
[Date "2020.12.28"]
[Round "4"]
[White "Hänselmann, Hendrik"]
[Black "Aumüller, Naum"]
[Result "0-1"]
[Termination "time forfeit"]
[Board "5.3"]
[WhiteElo "1828"]
[BlackElo "1622"]
[WhiteTeam "Karlsruher SF 1853"]
[BlackTeam "SC Bavaria Regensburg von 1881"]
[PlyCount "62"]
[WhiteFideId "16232755"]
[BlackFideId "16263960"]
[EventRounds "7"]
[EventType "team-swiss"]
[EventDate "2020.12.28"]

1. e4 {[%emt 0:00:16]} e5 {[%emt 0:00:02]} 2. Nf3 {[%emt 0:00:02]} Nc6 { [%emt
0:00:02]} 3. Nc3 {[%emt 0:00:01]} Nf6 {[%emt 0:00:01]} 4. a3 {[%emt 0:00:03]}
Bc5 {[%emt 0:00:06]} 5. Nxe5 {[%emt 0:00:02]} Nxe5 {[%emt 0:00:01]} 6. d4
{[%emt 0:00:02]} Bxd4 {[%emt 0:00:01]} 7. Qxd4 {[%emt 0:00:02]} d6 {[%emt
0:00:01]} 8. Bf4 {[%emt 0:00:07]} Nc6 {[%emt 0:00:03]} 9. Qd3 {[%emt 0:00:02]}
O-O { [%emt 0:00:05]} 10. O-O-O {[%emt 0:00:03]} Be6 {[%emt 0:00:05]} 11. h4 {
[%emt 0:00:19]} Ng4 {[%emt 0:00:18]} 12. Qd2 {[%emt 0:00:13]} Nce5 {[%emt
0:00:28]} 13. f3 {[%emt 0:00:06]} Nf6 {[%emt 0:00:04]} 14. Qf2 {[%emt 0:00:37]}
Qe7 {[%emt 0:00:29]} 15. g4 {[%emt 0:00:12]} c6 {[%emt 0:02:00]} 16. h5 {[%emt
0:00:13]} Rad8 {[%emt 0:01:24]} 17. g5 {[%emt 0:00:54]} Ne8 {[%emt 0:00:20]}
18. Qg3 {[%emt 0:00:39]} Nc4 {[%emt 0:00:16]} 19. Bxc4 {[%emt 0:00:42]} Bxc4 {
[%emt 0:00:02]} 20. Qh2 {[%emt 0:02:13]} f5 {[%emt 0:00:36]} 21. e5 {[%emt
0:00:21]} d5 {[%emt 0:00:23]} 22. Ne2 {[%emt 0:00:57]} Nc7 {[%emt 0:00:33]} 23.
Ng3 {[%emt 0:00:19]} Ne6 {[%emt 0:00:13]} 24. Qh4 {[%emt 0:00:38]} Rde8 { [%emt
0:00:13]} 25. Rde1 {[%emt 0:00:06]} Nd4 {[%emt 0:00:18]} 26. Re3 { [%emt
0:00:19]} Ne6 {[%emt 0:00:45]} 27. Ne2 {[%emt 0:00:44]} d4 {[%emt 0:00:23]} 28.
Nxd4 {[%emt 0:00:13]} Nxd4 {[%emt 0:00:02]} 29. Bh2 {[%emt 0:00:01]} f4 {[%emt
0:00:24]} 30. Rc3 {[%emt 0:00:08]} Ne2+ {[%emt 0:00:04]} 31. Kb1 { [%emt
0:00:21]} Nxc3+ {[%emt 0:00:02] TimeW} 0-1

[Event "DSJ Weihnachtsturnier U16: Lasker 2020"]
[Site ""]
[Date "2020.12.28"]
[Round "4"]
[White "Pavlov, Liliane"]
[Black "Borodaev, Roman"]
[Result "0-1"]
[Termination "normal"]
[Board "5.4"]
[WhiteElo "1740"]
[BlackElo "1657"]
[WhiteTeam "SC Bavaria Regensburg von 1881"]
[BlackTeam "Karlsruher SF 1853"]
[PlyCount "78"]
[WhiteFideId "16225449"]
[BlackFideId "16274881"]
[EventRounds "7"]
[EventType "team-swiss"]
[EventDate "2020.12.28"]

1. d4 {[%emt 0:00:08]} Nf6 {[%emt 0:00:11]} 2. c4 {[%emt 0:00:05]} c5 {[%emt
0:00:03]} 3. d5 {[%emt 0:00:05]} b5 {[%emt 0:00:02]} 4. cxb5 {[%emt 0:00:12]}
a6 {[%emt 0:00:01]} 5. bxa6 {[%emt 0:00:03]} Bxa6 {[%emt 0:00:01]} 6. Nf3 {
[%emt 0:00:02]} g6 {[%emt 0:00:03]} 7. g3 {[%emt 0:00:01]} Bg7 {[%emt 0:00:01]}
8. Bg2 {[%emt 0:00:01]} d6 {[%emt 0:00:05]} 9. O-O {[%emt 0:00:03]} Nbd7 {
[%emt 0:00:04]} 10. Nc3 {[%emt 0:00:06]} O-O {[%emt 0:00:03]} 11. Re1 {[%emt
0:00:04]} Nb6 {[%emt 0:00:07]} 12. Rb1 {[%emt 0:00:15]} Bc4 {[%emt 0:00:04]}
13. b3 {[%emt 0:00:24]} Nfxd5 {[%emt 0:00:18]} 14. Nxd5 {[%emt 0:00:29]} Bxd5 {
[%emt 0:00:00]} 15. a4 {[%emt 0:00:32]} Be4 {[%emt 0:00:05]} 16. Bb2 {[%emt
0:00:12]} Bxb1 {[%emt 0:00:02]} 17. Bxg7 {[%emt 0:00:05]} Kxg7 {[%emt 0:00:01]}
18. Qxb1 {[%emt 0:00:01]} Rb8 {[%emt 0:00:03]} 19. e4 {[%emt 0:00:15]} Nd7 {
[%emt 0:00:20]} 20. Qb2+ {[%emt 0:00:12]} Kg8 {[%emt 0:00:03]} 21. e5 {[%emt
0:00:15]} Nxe5 {[%emt 0:00:14]} 22. Nxe5 {[%emt 0:00:42]} dxe5 {[%emt 0:00:00]}
23. Rxe5 {[%emt 0:00:16]} Qd1+ {[%emt 0:00:10]} 24. Bf1 {[%emt 0:00:07]} Rxb3 {
[%emt 0:00:07]} 25. Qe2 {[%emt 0:00:19]} Qxe2 {[%emt 0:00:36]} 26. Bxe2 { [%emt
0:00:05]} Rb1+ {[%emt 0:00:02]} 27. Kg2 {[%emt 0:00:01]} Rc1 {[%emt 0:00:07]}
28. Rxe7 {[%emt 0:00:03]} Ra8 {[%emt 0:00:05]} 29. Bb5 {[%emt 0:00:02]} c4
{[%emt 0:00:02]} 30. Rc7 {[%emt 0:00:13]} c3 {[%emt 0:00:03]} 31. Kf3 {[%emt
0:00:20]} c2 {[%emt 0:00:06]} 32. Ke2 {[%emt 0:00:08]} Rd8 {[%emt 0:00:06]} 33.
Bd3 {[%emt 0:00:17]} Re8+ {[%emt 0:00:47]} 34. Kd2 {[%emt 0:00:09]} Rd1+ {
[%emt 0:00:16]} 35. Kxc2 {[%emt 0:00:17]} Ree1 {[%emt 0:00:03]} 36. Rc8+ {
[%emt 0:00:21]} Kg7 {[%emt 0:00:02]} 37. Ba6 {[%emt 0:00:07]} Rc1+ {[%emt
0:00:06]} 38. Kd2 {[%emt 0:00:06]} Ra1 {[%emt 0:00:26]} 39. Bb5 {[%emt
0:00:07]} Rad1+ {[%emt 0:00:17]} 0-1